| 000 | 00347nam a22001337a 4500 | ||
|---|---|---|---|
| 999 |
_c13451 _d13451 |
||
| 020 | _a9781119784265 | ||
| 082 | _a005.8 | ||
| 100 | _aDulaney, Emmett ; Chuck Easton | ||
| 245 | _aCompTIA Security+ Study Guide with Online Labs | ||
| 250 | _aSeventh Edition | ||
| 260 |
_aIndiana _bJohn Wiley & Sons _c2018 |
||
| 300 | _axx, 463 pages | ||
| 942 | _cBK | ||